000 00711nam a2200277Ia 4500
005 20260324111719.0
008 008 260324s9999 xx 000 0 eng d
020 _a9781003343035
037 _aEBOOK
040 _aCRL
040 _beng
040 _cCRL
041 _2eng
041 _aeng
084 _qCRL
100 _aAnatasia S. Kim; Miguel E. Gallardo; Sherri A. Taylor
_91139706
245 0 _aCultivating Equitable and Inclusive Conversations in Higher Education
260 _bTaylor and Francis
260 _c2025
365 _a
365 _b205
856 _uhttp://www.taylorfrancis.com/books/9781003343035
942 _cEBOOK
999 _c1728618
_d1728618